000 01126nam a2200301 c 4500
003 BLK
005 20180422095425.0
008 180413b bul|||||r ||||||| ||bul||
010 _aKNG00025890000
040 _aBLK
041 _aBUL
_cBUL
080 _aАмериканска литература (на САЩ)
_b821.111(73)
_x-31
_z821.111(73)-31
100 1 _aДелински, Барбара
_eпърви автор
_959608
700 1 _aКерчев, Златозар
_eпрев. от англ.
_9363981
139 _aДелински, Барбара
_bД 37
245 1 0 _aСърце на нощта
_bРоман
_cБарбара Делински; прев. от англ. Златозар Керчев.
257 _aUSA
260 Варна
_bКомпас
_c1999
300 _a462 с.
_c21 см
380 _aX
490 1 _aИзбрани романи
500 _aОриг. загл. Heart of the night / Barbara Delinsky. - Офс. изд.
852 _aЦб 198843
856 4 _qpdf
_u
856 4 _qpdf
_u
942 _cKNG
_n0
944 _aCR
_c15.01.2003
_lф /
_kВиолета_Тройчева
944 _aED
_c21.01.2011
_lф /
_k
999 _c23412
_d23412